000 00262nam a2200109Ia 4500
008 190216s9999||||xx |||||||||||||| ||und||
100 _aAnanda Prakash Choudhry
245 0 _aReal Analysis
260 _bLaxmi Publication Ltd
_c1978
300 _a112p
942 _cBK
999 _c31087
_d31087